000 00638nam a2200217 a 4500
999 _c624
_d624
008 190926r20042012ii ||||g |||| 00| 0 eng d
020 _a9788179923276
_cRs. 225.00
040 _aKO
_beng
041 0 _aeng
044 _aii
082 0 4 _223
_a158.1
_bSh233
100 1 _aSharma, Robin
245 1 0 _aDiscover Your Destiny With The Monk Who Sold His Ferrari :
_bThe 7 Stages of Self-awakening /
_cRobin Sharma
260 _aMumbai :
_bJaico Publishing House,
_c2004, reprint 2012
300 _a215 p. ;
_c21 cm.
650 0 _aSelf-actualization (Psychology)
650 0 _aConduct of life
904 _aS_JOY
942 _cBK